LIBRARY & INFORMATION CENTRE, KCAET, TAVANUR

ONLINE PUBLIC ACCESS CATALOGUE (OPAC)

Kallimullukal / (Record no. 11444)

MARC details
000 -LEADER
fixed length control field 00394cam a2200157ua 4500
041 ## - LANGUAGE CODE
Language code of text/sound track or separate title mal
082 ## - DEWEY DECIMAL CLASSIFICATION NUMBER
Classification number 894.812301
Item number UNN/KA
100 ## - MAIN ENTRY--AUTHOR NAME
Personal name Unnikrishnan, .
245 ## - TITLE STATEMENT
Title Kallimullukal /
250 ## - EDITION STATEMENT
Edition statement 1 /
260 ## - PUBLICATION, DISTRIBUTION, ETC. (IMPRINT)
Place of publication Trivandrum :
Name of publisher Navakeralam printing press ,
Year of publication 1961.
300 ## - PHYSICAL DESCRIPTION
Number of Pages 119 ; .
942 ## - ADDED ENTRY ELEMENTS (KOHA)
Koha item type Books
Holdings
Withdrawn status Lost status Damaged status Home library Current library Date acquired Full call number Accession Number Koha item type
Withdrawn     KAUAET Sanskrit University 07/04/2012 894.812301 1650 Books
free website counter